Memes of 2024-2025 - Statistics

General Stats
  • This quiz has been taken 66 times
    48 since last reset
  • The average score is 4 of 25
Answer Stats
Year Answer % Correct
2025 67
90%
2025 Italian brainrot
45%
2025 41
38%
2024-2025 Low taper fade
38%
2025 eye of rah
33%
2025 Mustard
28%
2024 chill guy
20%
2025 Chicken Jockey
18%
2025 Chopped chin
18%
2024 Thick of it
15%
2025 Diddyblud
13%
2025 Khaby lame
13%
2024 knee surgery
10%
2025 Chicken stars
8%
2024 hawk tuah
8%
2025 Mom is homeless
8%
2024 Tiktok rizz party
8%
2025 W speed
8%
2024 You are my sunshine
8%
2025 Barbershop
5%
2024 English or Spanish
5%
2025 Jayden's bus
5%
2025 Meme drought
5%
2025 Hog rider
3%
2024-2025 I played these games before
3%
No matching quizzes found
Score Distribution
Percent of People with Each Score
Percentile by Number Answered
Your Score History
You have not taken this quiz since the last reset